000 00444nam a22001697a 4500
005 20230415112249.0
008 230414b |||||||| |||| 00| 0 eng d
020 _a818627055-8
041 _aeng
082 _a615 NAN-C
100 _aNANDA ,SANJU., NANDA ,ARUN , AND KHAR, ROOP K.
_97801
245 _aCOSMETIC TECHNOLOGY
260 _bBIRLA PUBLICATION PVT. LTD.
300 _a479;P.
650 _aPHARMACY
_xB. PHARMA
_97802
942 _cBK
999 _c8297
_d8295